Advanced quantum mechanics (Record no. 3829)

MARC details
000 -LEADER
fixed length control field 00874cam a22002651 4500
001 - CONTROL NUMBER
control field 3589781
003 - CONTROL NUMBER IDENTIFIER
control field OSt
005 - DATE AND TIME OF LATEST TRANSACTION
control field 20160429181614.0
008 - FIXED-LENGTH DATA ELEMENTS--GENERAL INFORMATION
fixed length control field 740608s1967 maua b 000 0 eng
010 ## - LIBRARY OF CONGRESS CONTROL NUMBER
LC control number 67019430
040 ## - CATALOGING SOURCE
Original cataloging agency DLC
Transcribing agency DLC
Modifying agency DLC
-- ICU
050 00 - LIBRARY OF CONGRESS CALL NUMBER
Classification number QC174.45
Item number .S28 1967
051 ## - LIBRARY OF CONGRESS COPY, ISSUE, OFFPRINT STATEMENT
Classification number QC174.45
Item number .S28 1973
Copy information Another issue. Fourth printing, with corrections.
082 00 - DEWEY DECIMAL CLASSIFICATION NUMBER
Classification number 531
Item number SAK 1967
100 1# - MAIN ENTRY--PERSONAL NAME
Personal name Sakurai, J. J.
9 (RLIN) 8399
245 10 - TITLE STATEMENT
Title Advanced quantum mechanics
Statement of responsibility, etc. J. J. Sakurai.
260 ## - PUBLICATION, DISTRIBUTION, ETC. (IMPRINT)
Place of publication, distribution, etc. Reading, Mass.,
Name of publisher, distributor, etc. Addison-Wesley Pub. Co.
Date of publication, distribution, etc. 1967
300 ## - PHYSICAL DESCRIPTION
Extent xii, 336 p.
Other physical details illus.
Dimensions 24 cm.
490 1# - SERIES STATEMENT
Series statement Addison-Wesley series in advanced physics
504 ## - BIBLIOGRAPHY, ETC. NOTE
Bibliography, etc Bibliography: p. 323-324.
650 #0 - SUBJECT ADDED ENTRY--TOPICAL TERM
Topical term or geographic name as entry element Quantum field theory.
9 (RLIN) 8084
830 #0 - SERIES ADDED ENTRY--UNIFORM TITLE
Uniform title A-W series in advanced physics.
9 (RLIN) 8400
906 ## - LOCAL DATA ELEMENT F, LDF (RLIN)
a 7
b cbc
c orignew
d u
e ocip
f 19
g y-gencatlg
942 ## - ADDED ENTRY ELEMENTS (KOHA)
Source of classification or shelving scheme Dewey Decimal Classification
Koha item type Short Loan
Holdings
Withdrawn status Lost status Source of classification or shelving scheme Damaged status Not for loan Home library Current library Date acquired Inventory number Total Checkouts Full call number Barcode Date last seen Price effective from Koha item type
    Dewey Decimal Classification     MUST Main Library MUST Main Library 29/04/2016 2001/15883   531 SAK 1967 2016-1509 29/04/2016 29/04/2016 Short Loan
    Dewey Decimal Classification     MUST Main Library MUST Main Library 29/04/2016 2001/15882   531 SAK 1967 2016-1510 29/04/2016 29/04/2016 Short Loan